00421nam a2200133Ia 4500008004100000041000800041082001600049100002000065245003600085260001900121365000700140999001900147952012100166230303s9999 xx 000 0 und d aeng a620.105 POP aPOPOV (Egor. P) aEngineering Mechanics of Solids aNew DelhibPHI cRS c173954d173954 00104070aECDbECDcSHELF NO-23- Gd2023-03-03g195.00l0o620.105 POPpEB353r2023-03-03 00:00:00w2023-03-03yBK